000
00347 a2200157 4500
001
75565
020
_a
9788581815947
040
_c
Anchieta - Colégio São Paulo
100
_a
Yamã,Yaguarê
240
1
0
_a
Japii e Jakãmi:
_l
por
245
1
0
_a
Japii e Jakãmi:
300
_a
32
362
0
_a
2014
650
4
_a
Literatura infantil
942
_c
BK
999
_c
75565
_d
75565